| 000 | 00675nam a2200193 4500 | ||
|---|---|---|---|
| 005 | 20251205122258.0 | ||
| 008 | 251203b |||||||| |||| 00| 0 eng d | ||
| 020 | _a978-93-48816-97-9 | ||
| 041 | _aEng | ||
| 082 |
_23rd. ed. _aMS 610.7361 SHA B11926 |
||
| 100 |
_aSharma Suresh and Madhavi S. _9215646 |
||
| 245 | _aBrunner and Suddarth's Textbook of Adult Health Nursing Vol 1 | ||
| 250 | _a3rd ed.(SAE) | ||
| 260 |
_aHaryana _bWolters Kluwer _c2025 |
||
| 300 |
_axxvi,1186p.A15p,B-10p,Index-37p _bpb _c27.5x21.5cm |
||
| 365 |
_aRupaye _b1705 _cINR |
||
| 521 | _aBrunner and Suddarth's Textbook of Adult Health Nursing Vol.1 Appendix A15p,B-10p,Index-37p | ||
| 942 | _cBK | ||
| 999 |
_c369261 _d369261 |
||